KOHA-Header-6

Mastering Virtual Teams (Record no. 1709)

000 -LEADER
fixed length control field 00325nam a2200133Ia 4500
008 - FIXED-LENGTH DATA ELEMENTS--GENERAL INFORMATION
fixed length control field 190723s9999 xx 000 0 und d
020 ## - INTERNATIONAL STANDARD BOOK NUMBER
International Standard Book Number 978-0-7879-8280-5
100 ## - MAIN ENTRY--PERSONAL NAME
Personal name Deborah L. Duarta
245 #0 - TITLE STATEMENT
Title Mastering Virtual Teams
250 ## - EDITION STATEMENT
Edition statement 3rd
260 ## - PUBLICATION, DISTRIBUTION, ETC. (IMPRINT)
Place of publication, distribution, etc San Francisco
Name of publisher, distributor, etc Jossey Bass
Date of publication, distribution, etc 2006
300 ## - PHYSICAL DESCRIPTION
Extent 251.:p
942 ## - ADDED ENTRY ELEMENTS (KOHA)
Koha item type Books
Holdings
Withdrawn status Lost status Damaged status Not for loan Collection code Permanent Location Current Location Shelving location Date acquired Full call number Barcode Date last seen Price effective from Koha item type
        Marketing MAJU MAJU   2019-07-23 658.402 8332 2019-07-23 2019-07-23 Marketing

Powered by Koha